书目信息 |
| 题名: |
回味元朝
|
|
| 作者: | 若木 著 | |
| 分册: | ||
| 出版信息: | 北京 中国三峡出版社 2007 |
|
| 页数: | 247页 | |
| 开本: | 23cm | |
| 丛书名: | 读史丛书 | |
| 单 册: | ||
| 中图分类: | K247.09 | |
| 科图分类: | ||
| 主题词: | 元代--历史--通俗读物 , 元代 , 历史 | |
| 电子资源: | ||
| ISBN: | 978-7-80223-338-6 | |
| 000 | 00867oam2 2200277 45 | |
| 001 | 1050818828 | |
| 005 | 20100419102418.10 | |
| 010 | @a978-7-80223-338-6@dCNY29.80 | |
| 100 | @a20100409e20092007em y0chiy50 ea | |
| 101 | 0 | @achi |
| 102 | @aCN@b110000 | |
| 105 | @aab z 000yy | |
| 106 | @ar | |
| 200 | 1 | @a回味元朝@AHui Wei Yuan Chao@e铁马宏疆@ETie Ma Hong Jiang@f若木著@FRuo Mu Zhu |
| 210 | @a北京@c中国三峡出版社@d2007@h2009 | |
| 215 | @a247页@c图,地图@d23cm | |
| 225 | 2 | @a读史丛书@i回味历史系列 |
| 330 | @a本书介绍了元代的历史事件、元代中国与世界的关系、元代的文化发展、元代的科技发展等内容。 | |
| 461 | 0 | @12001 @a读史丛书@i回味历史系列 |
| 606 | 0 | @a元代@x历史@j通俗读物 |
| 606 | 0 | @a元代 |
| 606 | 0 | @a历史 |
| 690 | @aK247.09@v4 | |
| 701 | 0 | @a若木@ARuo Mu@g(历史)@4著 |
| 801 | 0 | @aCN@bTANGWEI@c20100419 |
| 905 | @b0590820-21@dK247.09@e31@f2 | |
| 回味元朝:铁马宏疆/若木著.-北京:中国三峡出版社,2007(2009) |
| 247页:图,地图;23cm.-(读史丛书.回味历史系列) |
| ISBN 978-7-80223-338-6:CNY29.80 |
| 本书介绍了元代的历史事件、元代中国与世界的关系、元代的文化发展、元代的科技发展等内容。 |
| ● |
| 相关链接 |
|
|
|
|
正题名:回味元朝
索取号:K247.09/31
 
预约/预借
| 序号 | 登录号 | 条形码 | 馆藏地/架位号 | 状态 | 备注 |
| 1 | 0590820 | 205908204 | 第二样本阅览室/ [索取号:K247.09/31] | 在馆 | |
| 2 | 0590821 | 205908213 | 第二借阅区/ [索取号:K247.09/31] | 在馆 |